Santa Rosalia Storia e la ggenda della patrona di palermo

Uloženo v:
Podrobná bibliografie
Hlavní autor: Grazia Mele
Médium: Kniha
Jazyk:neznámý jazyk
Vydáno: Antares Editrice
Tagy: Přidat tag
Žádné tagy, Buďte první, kdo vytvoří štítek k tomuto záznamu!

MARC

LEADER 00000nam a2200000Ia 4500
001 R-50
003 CODICE-MESSINA
005 20260212102446.0
008 260211s9999 xx 000 0 und d
040 |c importazione_messina 
100 |a Grazia Mele 
245 0 |a Santa Rosalia 
245 0 |b Storia e la ggenda della patrona di palermo 
260 |b Antares Editrice 
942 |2 ddc  |c BK 
952 |0 0  |1 0  |2 ddc  |4 0  |6 SCAFFALE_1_000000000000000__RELIGIONE  |7 0  |9 30865  |a ME  |b ME  |d 2026-02-11  |l 0  |o SCAFFALE 1 - RELIGIONE  |p R-50  |r 2026-02-11 23:52:11  |w 2026-02-11  |x [REVISIONARE]  |y BK 
999 |c 26530  |d 26530